000 00235nam a2200097Ia 4500
008 230915s9999 xx 000 0 und d
050 _aHM585.I58.C.1
100 _aKATHLEEN A.TIEMANN
245 0 _aINTRODUCTION TO SOCIOLOGY
942 _cBK
999 _c89041
_d89041